000 00736nam a22002177a 4500
001 76896
003 BD-RjUL
005 20211209082912.0
008 200203s2018 bg ||||| |||| 00| 0 ben d
035 _a(BD-RjUL)
040 _aBD-RjUL
_beng
_cBD-RjUL
041 _aeng
082 _223
_a891.441
_bDEA 2018
100 _aদেবনাথ, অনিমা
_9238739
245 _aঅনুভূতির আচঁল তলে /
_cঅনিমা দেবনাথ
260 _aঢাকা :
_bপুনশ্চ শিল্পের আড়ং,
_c২০১৮
300 _a৬৪ পৃ. ;
_c২২ সেমি.
650 _aBengali poerty
_9238740
650 _aবাংলা কবিতা
_9238741
942 _2ddc
_cBK
999 _c76896
_d76896